Catálogo
 En Linea

La pajarera nacional : (Registro nro. 34581)

Detalles MARC
000 -CABECERA
campo de control de longitud fija 00803nam a2200181 a 4500
001 - NÚMERO DE CONTROL
campo de control 000035090
005 - FECHA Y HORA DE LA ÚLTIMA TRANSACCIÓN
campo de control 20200930074110.0
008 - DATOS DE LONGITUD FIJA--INFORMACIÓN GENERAL
campo de control de longitud fija 111025s1909 sp 000 0 spa d
040 ## - FUENTE DE LA CATALOGACIÓN
Centro catalogador/agencia de origen DO-SdBNP
Lengua de catalogación spa
Centro/agencia transcriptor BNPHU
082 ## - NÚMERO DE LA CLASIFICACIÓN DECIMAL DEWEY
Número de clasificación xxxx
Número de documento/Ítem A816p
100 1# - ENTRADA PRINCIPAL--NOMBRE DE PERSONA
Nombre de persona Asensio Más, Ramón,
Fechas asociadas al nombre [1878-1917]
9 (RLIN) 60750
245 13 - MENCIÓN DE TÍTULO
Título La pajarera nacional :
Resto del título brevista cómico-lírico-volatil en un acto, dividido en tres cuadros, en prosa y verso /
Mención de responsabilidad, etc. Ramón Asensio Mas y Joaquín González Pastor ; música Foglietti y Córdoba.
260 ## - PUBLICACIÓN, DISTRIBUCIÓN, ETC.
Lugar de publicación, distribución, etc. Madrid :
Nombre del editor, distribuidor, etc. B. Velasco, imp., Marqués de Santa Ana,
Fecha de publicación, distribución, etc. 1909.
300 ## - DESCRIPCIÓN FÍSICA
Extensión 47 p. ;
Dimensiones 20 cm.
500 ## - NOTA GENERAL
Nota general Estrenada en el Teatro de Novedades la noche del 10 de julio de 1909.
700 12 - PUNTO DE ACCESO ADICIONAL--NOMBRE DE PERSONA
Nombre de persona González Pastor, Joaquín
9 (RLIN) 60751
700 12 - PUNTO DE ACCESO ADICIONAL--NOMBRE DE PERSONA
Nombre de persona Foglietti Alberola, Luis,
Fechas asociadas al nombre [1877-1918]
Término indicativo de función/relación mús.
9 (RLIN) 60752
Existencias
Estado de retiro Estado de pérdida Restricciones de uso No para préstamo Código de colección Localización permanente Ubicación/localización actual Ubicación en estantería Fecha de adquisición Número de inventario Total de préstamos Signatura topográfica completa Código de barras Fecha visto por última vez Precio válido a partir de Tipo de ítem Koha
      Excluido de préstamo Monografías: Libros y Folletos General General En catalogación 25.10.2011 LF1   xxxx A816p 35090-10 25.06.2020 25.06.2020 No se presta

Con tecnología Koha